Top Hospitals in the U.S. - Statistics

General Stats
  • This quiz has been taken 151 times
  • The average score is 6 of 30
Answer Stats
Type Answer % Correct
Top Hospitals Johns Hopkins Hospital
67%
Top Hospitals Mayo Clinic-Arizona
64%
Top Hospitals Mayo Clinic-Rochester
64%
Top Hospitals UCLA Medical Center
49%
Top Hospitals New York-Presbyterian Hospital-Columbia and Cornell
37%
Top Hospitals Cleveland Clinic
35%
Top Hospitals Stanford Health Care-Stanford Hospital
31%
Top Hospitals NYU Langone Hospitals
28%
Top Hospitals Mount Sinai Hospital
26%
Top Hospitals Duke University Hospital
25%
Top Hospitals Massachusetts General Hospital
25%
Top Hospitals Cedars-Sinai Medical Center
24%
Top Hospitals Northwestern Medicine-Northwestern Memorial Hospital
21%
Top Children's Hospitals Boston Children's Hospital
19%
Top Hospitals UCSF Health-UCSF Medical Center
15%
Top Hospitals Brigham and Women's Hospital
14%
Top Hospitals UC San Diego Health-La Jolla and Hillcrest Hospitals
13%
Top Children's Hospitals Children's Hospital of Philadelphia
12%
Top Hospitals Hospitals of the University of Pennsylvania-Penn Presbyterian
10%
Top Children's Hospitals Seattle Children's Hospital
10%
Top Children's Hospitals Children's National Hospital
7%
Top Children's Hospitals Cincinnati Children's
7%
Top Children's Hospitals Texas Children's Hospital
7%
Top Hospitals Houston Methodist Hospital
5%
Top Children's Hospitals Nationwide Children's Hospital
5%
Top Hospitals Rush University Medical Center
5%
Top Hospitals North Shore University Hospital at Northwell Health
4%
Top Children's Hospitals Children's Hospital Colorado
3%
Top Children's Hospitals Children's Hospital Los Angeles
3%
Top Children's Hospitals Rady Children's Hospital
3%
No matching quizzes found
Score Distribution
Percent of People with Each Score
Percentile by Number Answered
Your Score History
You have not taken this quiz